| 000 | 01222nam a2200265 i 4500 | ||
|---|---|---|---|
| 001 | 183967 | ||
| 003 | ES-MaACL | ||
| 005 | 20250807123333.0 | ||
| 008 | 150121s1907 fr |||| | fre d | ||
| 080 | _a276(62)(09) | ||
| 245 | 0 | 0 |
_aPatrologia Orientalis. _nTomus primus / _c[publié par] R. Graffin, F. Nau. |
| 260 |
_aParis : _bFirmin-Didot et Cie, _c1907. |
||
| 300 |
_a705 p. ; _c28 cm. |
||
| 505 | 8 | _aContiene: I. Le livre des mystères du ciel et de la terre / publié et traduit par J. Perruchon avec le concours de I. Guidi - II et IV. History of the patriarchs of the coptic church of Alexandria / publiée et traduit par B. Evetts - III. Le synaxaire arabe jacobite / publié et traduit par René Basset - V. Le synaxaire éthiopien / publié et traduit par I. Guidi | |
| 650 |
_aPatrística. _915895 |
||
| 650 | 0 | 7 |
_aLiteratura cristiana primitiva _2embne _914529 |
| 700 | 1 |
_aPerruchon, Jules. _9131052 |
|
| 700 | 1 |
_aGuidi, Ignazio ( _d1844-1935) _9156161 |
|
| 700 | 1 |
_aEvetts, Basil Thomas Alfred. _9156162 |
|
| 700 | 1 |
_aBasset, René. _926315 |
|
| 700 | 1 |
_aGraffin, René, _d1858-1941 _9156163 |
|
| 700 | 1 |
_aNau, François. _985006 |
|
| 852 |
_aES-MaACL _jG-690 |
||
| 999 |
_c183967 _d183967 |
||